[Event "It"]
[Site "Reggio Emilia ITA"]
[Date "2001.01.07"]
[Round "9"]
[White "Efimov,I"]
[Black "Drei,A"]
[Result "1-0"]
[WhiteElo "2520"]
[BlackElo "2350"]

1.e4 c5 2.Nf3 e6 3.Nc3 Nc6 4.d4 cxd4 5.Nxd4 Nf6 6.Ndb5 d6 7.Bf4 e5 8.Bg5 a6
9.Na3 b5 10.Bxf6 gxf6 11.Nd5 Bg7 12.Bd3 Ne7 13.Qf3 Nxd5 14.exd5 Qd7 15.c3 f5
16.O-O e4 17.Qg3 Be5 18.f4 Bf6 19.Be2 Bb7 20.Rfd1 Ke7 21.Nc2 Rag8 22.Qh3 h5
23.Nd4 Bc8 24.a4 bxa4 25.Nc6+ Kf8 26.Rxa4 Qc7 27.Qe3 Rh6 28.Bxa6 Rhg6 29.Bf1 Bd7
30.Qa7 Qxa7+ 31.Rxa7 Be8 32.Rda1 Kg7 33.Ne7 Bxe7 34.Rxe7 Kf6 35.Rb7 Rg4 36.g3 Rxf4
37.Bg2 Rfg4 38.Ra6 Ke5 39.Re7+ Kxd5 40.Ra5+ Kc4 41.Rxf5 h4 42.Bh3 R4g6 43.Rxe4+ Kb3
44.Rb4+ Kc2 45.Rf2+ Kc1 46.Re4  1-0

[Event "Keres Mem Rapid Women"]
[Site "Tallinn EST"]
[Date "2001.01.07"]
[Round "5"]
[White "Budylina,S"]
[Black "Fomina,T"]
[Result "0-1"]
[WhiteElo "2076"]
[BlackElo "2266"]

1.e4 c5 2.Nf3 e6 3.d4 cxd4 4.Nxd4 Nc6 5.Nc3 Qc7 6.Be3 Nf6 7.Be2 Be7 8.O-O O-O
9.Kh1 d5 10.exd5 Nxd5 11.Nxd5 exd5 12.Nxc6 bxc6 13.Bd3 Qe5 14.Bd4 Qg5 15.f4 Qh6
16.c4 c5 17.Be5 f6 18.Bc7 d4 19.Be4 Bd7 20.Bd5+ Kh8 21.Bxa8 Rxa8 22.Re1 Re8
23.Qf3 f5 24.Qd5 Bc6 25.Qf7 Qg6 26.Qxg6 hxg6 27.Re6 Bd7 28.Re2 Bc6 29.Rae1 Be4
30.Be5 Bf6 31.Bxf6 gxf6 32.Kg1 Rb8 33.Rd2 a5 34.g4 a4 35.gxf5 gxf5 36.Kf2 Rb4
37.Rc1 Kg7 38.Kg3 Kf7 39.Kh4 Ke6 40.Kh5 Rb8  0-1

[Event "Keres Mem Rapid"]
[Site "Tallinn EST"]
[Date "2001.01.07"]
[Round "5"]
[White "Svidler,P"]
[Black "Gavrikov,Vi"]
[Result "1/2-1/2"]
[WhiteElo "2689"]
[BlackElo "2549"]

1.e4 c5 2.Nf3 Nc6 3.Nc3 e6 4.d4 cxd4 5.Nxd4 a6 6.Be2 d6 7.Be3 Nf6 8.f4 Be7
9.Qd2 O-O 10.O-O-O Nd7 11.g4 Nxd4 12.Qxd4 b5 13.Kb1 Rb8 14.Bf3 b4 15.Ne2 e5
16.Qd2 exf4 17.Nxf4 Ne5 18.Qe2 Bg5 19.h4 Bxf4 20.Bxf4 Qf6 21.Bxe5 dxe5 22.g5 Qe7
23.Bg4 Bxg4  1/2-1/2

[Event "Australian Open"]
[Site "Canberra AUS"]
[Date "2001.01.08"]
[Round "10"]
[White "Zhao Zong Yuan"]
[Black "Johansen,D"]
[Result "1/2-1/2"]
[WhiteElo "2341"]
[BlackElo "2505"]

1.e4 c5 2.Nf3 Nc6 3.d4 cxd4 4.Nxd4 e6 5.Nc3 a6 6.Nxc6 bxc6 7.Bd3 d5 8.O-O Nf6
9.Qe2 Be7 10.b3 Nd7 11.Na4 O-O 12.Bb2 a5 13.c4 Bb7 14.Rac1 Re8 15.Rfe1 Bd6
16.exd5 exd5 17.Qg4 Rxe1+ 18.Rxe1 Bf8 19.Qh3 h6 20.cxd5 cxd5 21.Bb1 Nf6 22.Qf5 Ne4
23.f3 Bc8 24.Qe5 Nf6 25.Qd4 Ba6 26.Nc5 Bb5 27.Nd3 Rc8 28.Kh1 a4 29.bxa4 Rc4
30.Qe3 Rxa4 31.Bd4 Ra3 32.Bb2 Ra8 33.Ne5 Qd6 34.Qd2 Rc8 35.Qd4 Qb4 36.Qxb4 Bxb4
37.Rc1 Rxc1+ 38.Bxc1 Kf8 39.Bd3 Ba4 40.Kg1 Bc3 41.Ng4 Ke7 42.Nxf6 Kxf6 43.Kf2 Ke6
44.Ke2 g5 45.f4 f6 46.g3  1/2-1/2

[Event "Anibal Open"]
[Site "Anibal Open ESP"]
[Date "2001.01.10"]
[Round "3"]
[White "Perez,Rod"]
[Black "Bacrot,E"]
[Result "1-0"]
[WhiteElo "2478"]
[BlackElo "2613"]

1.e4 c5 2.Nf3 Nc6 3.d4 cxd4 4.Nxd4 e6 5.Nc3 d6 6.Be3 Nf6 7.Be2 Be7 8.O-O O-O
9.f4 e5 10.Nb3 exf4 11.Rxf4 Ne8 12.Qd2 Bg5 13.Rf2 Bxe3 14.Qxe3 Be6 15.Rd1 Qe7
16.Nd4 Nxd4 17.Qxd4 a6 18.Bc4 Rd8 19.Bxe6 fxe6 20.Rxf8+ Qxf8 21.e5 d5 22.Qb6 Qe7
23.Ne2 Nc7 24.Qxb7 Rf8 25.h3 Qf7 26.Kh2 h5 27.Rd3 Qe7 28.Nd4 Rf2 29.Rf3 Rd2
30.Nxe6 Qxe6 31.Qxc7 Re2 32.Rg3 Qxe5 33.Qxe5 Rxe5 34.Rg6 Re2 35.Rc6 h4 36.a4 Kf7
37.b4 Re7 38.c3 Re3 39.Rxa6 Rxc3 40.b5 d4 41.Kg1 Rc2 42.Rd6  1-0

[Event "Troll Masters"]
[Site "Gausdal NOR"]
[Date "2001.01.12"]
[Round "9"]
[White "Gallagher,Jo"]
[Black "Kristensen,Bj"]
[Result "1-0"]
[WhiteElo "2519"]
[BlackElo "2385"]

1.e4 c5 2.Nf3 Nc6 3.d4 cxd4 4.Nxd4 e6 5.Nc3 Qc7 6.Be2 Nf6 7.O-O a6 8.Kh1 d6
9.f4 Bd7 10.Be3 Be7 11.Qe1 h5 12.Bf3 Ng4 13.Bg1 g5 14.Nxc6 Bxc6 15.Bd4 Rh7
16.f5 Ne5 17.Be2 b5 18.b4 g4 19.Qd2 Qb7 20.Rad1 Rc8 21.a3 Bd7 22.fxe6 fxe6
23.Bd3 Qc7 24.Bxe5 dxe5 25.Nd5 Qd8 26.Nxe7 Qxe7 27.a4 Rg7 28.axb5 axb5 29.Ra1 h4
30.Ra7 Qg5 31.Qf2  1-0

[Event "Corus Reserve Gp"]
[Site "Wijk aan Zee NED"]
[Date "2001.01.16"]
[Round "1"]
[White "Termeulen,A"]
[Black "Krnic,Z"]
[Result "1/2-1/2"]
[WhiteElo "2214"]
[BlackElo "2390"]

1.e4 c5 2.Nf3 Nc6 3.d4 cxd4 4.Nxd4 e6 5.Nc3 a6 6.Nxc6 bxc6 7.Bd3 d5 8.O-O Bb7
9.f4 Nf6 10.e5 Nd7 11.f5 exf5 12.Bxf5 Nxe5 13.Bf4 Bd6 14.Qe2 Qe7 15.Rae1 f6
16.Qh5+ Kd8 17.Na4 Kc7 18.Qd1 g6 19.Bh3 Rad8 20.Be3 c5 21.b4 d4 22.Bf2 Bc6
23.bxc5 Bxa4 24.Qxd4 Bxc5 25.Qxc5+ Qxc5 26.Bxc5 Rd5 27.Bb4 f5 28.c4 Nxc4
29.Rc1 Rd4 30.Bc3 Rhd8 31.Bxd4 Rxd4 32.g3 Kd6 33.Rfe1 Ne5 34.Re3 Nd3 35.Rc8 Bd7
36.Ra8 Nc5 37.Re2 Bb5 38.Rd8+ Nd7 39.Rc2 Ke7 40.Rh8 h5 41.Bg2 Rd1+ 42.Kf2 Ne5
43.h4 Ng4+ 44.Kf3 Rd3+ 45.Kf4 Kf6 46.Rf8+ Kg7 47.Rb8 Rd4+ 48.Kf3 Rd3+ 49.Kf4 Rd4+
50.Kf3  1/2-1/2

[Event "ch-POL Boys U16"]
[Site "Zakopane POL"]
[Date "2001.01.17"]
[Round "2"]
[White "Klimaszewski,D2"]
[Black "Kunicki,M"]
[Result "1-0"]
[WhiteElo "2168"]
[BlackElo "2020"]

1.e4 c5 2.Nf3 e6 3.d4 cxd4 4.Nxd4 Nc6 5.Nc3 Qc7 6.Be2 a6 7.O-O b5 8.Be3 Bb7
9.a3 Nf6 10.Kh1 Ne5 11.f4 Nc4 12.Bxc4 Qxc4 13.Qd3 Qxd3 14.cxd3 d5 15.e5 Ng4
16.Bg1 g6 17.Nb3 Rc8 18.Rac1 Kd7 19.Ne2 Be7 20.Nc5+ Bxc5 21.Bxc5 h5 22.h3 Nh6
23.Nd4 Nf5 24.Nxf5 gxf5 25.d4 Rhg8 26.Rf3 Bc6 27.Kh2 Rg6 28.Rc2 Rcg8 29.Rfc3 Rc8
30.Bb4 Rgg8 31.Rc5 Rg6 32.Be1 Rgg8 33.b4 Rg6 34.Bh4 Rg7 35.Bg5 Rh7 36.Kg3 Rg7
37.Kh4 Rh7 38.R5c3 Bb7 39.Rxc8 Bxc8 40.Bf6 Bb7 41.Rc3 Bc6 42.Rg3 Ke8 43.Rg8+ Kd7
44.Rg7 Rxg7 45.Bxg7 Ke7 46.Bf6+ Kf8 47.Kxh5 Kg8 48.Kg5 Kh7 49.h4 Bd7 50.h5 Be8
51.h6 Kg8 52.Bg7 Bc6 53.Kf6  1-0

[Event "ch-POL Boys U16"]
[Site "Zakopane POL"]
[Date "2001.01.18"]
[Round "3"]
[White "Szoen,D"]
[Black "Machaj,B"]
[Result "1-0"]
[WhiteElo "2152"]
[BlackElo "2196"]

1.e4 c5 2.Nf3 e6 3.d4 cxd4 4.Nxd4 Nc6 5.Nc3 Qc7 6.Be2 a6 7.O-O Nf6 8.Kh1 Bb4
9.Nxc6 bxc6 10.f4 Bxc3 11.bxc3 d5 12.e5 Ne4 13.Bd3 c5 14.c4 O-O 15.cxd5 exd5
16.Bxe4 dxe4 17.Qe1 Bf5 18.h3 Qc6 19.Be3 Qa4 20.Qf2 Qc4 21.Rfd1 Rfd8 22.g4 Bd7
23.f5 Ba4 24.Qh4 Rxd1+ 25.Rxd1 Re8 26.f6 Qe2 27.Qg5 Qxd1+ 28.Bg1 Qf3+ 29.Kh2 Qe2+
30.Kg3  1-0

[Event "Tch-AUT 2000-01"]
[Site "Graz AUT"]
[Date "2001.01.19"]
[Round "6"]
[White "Borriss,M"]
[Black "Volke,K"]
[Result "1-0"]
[WhiteElo "2439"]
[BlackElo "2476"]

1.e4 c5 2.Nf3 Nc6 3.d4 cxd4 4.Nxd4 e6 5.Nc3 Qc7 6.Be2 a6 7.O-O Nf6 8.Be3 Bb4
9.Na4 Be7 10.Nxc6 bxc6 11.Nb6 Rb8 12.Nxc8 Qxc8 13.e5 Nd5 14.Bc1 Bc5 15.c4 Ne7
16.b3 O-O 17.Bb2 Qc7 18.Bd3 Ng6 19.Qh5 Qa5 20.g3 f5 21.Qe2 Ba3 22.f4 Qb6+
23.Kg2 Bxb2 24.Qxb2 a5 25.Qf2 Qb4 26.Rfd1 a4 27.Bc2 Rfd8 28.Rd6 Qa3 29.Rd2 axb3
30.Bd3 d6 31.Rad1 Nf8 32.axb3 dxe5 33.fxe5 Qxb3 34.g4 Qc3 35.gxf5 exf5 36.Qxf5 Re8
37.Re2 Rb2 38.Rf1 Rbb8 39.e6 Kh8 40.Qh3 Ng6 41.Bxg6 Qxh3+ 42.Kxh3 hxg6 43.Rf7 Rb3+
44.Kg4 Rd3 45.Rd7 Rxe6 46.Rxe6 Rxd7 47.Rxc6 Kh7 48.c5 Rd2 49.h4 Rd4+ 50.Kg5 Rd5+
51.Kf4 Rd4+ 52.Ke5 Rxh4 53.Re6 Rh1 54.c6 Rc1 55.Kd6 g5 56.c7 g4 57.Re4 Rd1+
58.Ke7 Rc1 59.Kd7 Rd1+ 60.Kc6 Rc1+ 61.Kd6 Rd1+ 62.Kc5 Rc1+ 63.Rc4  1-0

[Event "Mermaid Beach Club GMA"]
[Site "Elbow Beach BER"]
[Date "2001.01.21"]
[Round "2"]
[White "Stefansson,H"]
[Black "Vescovi,G"]
[Result "0-1"]
[WhiteElo "2570"]
[BlackElo "2519"]

1.e4 c5 2.Nf3 e6 3.d4 cxd4 4.Nxd4 Nc6 5.Nc3 Qc7 6.Be2 a6 7.O-O Nf6 8.Kh1 Nxd4
9.Qxd4 Bc5 10.Qd3 b5 11.f4 Bb7 12.a4 b4 13.e5 Nd5 14.Ne4 Be7 15.Qg3 g6 16.Bd3 a5
17.f5 gxf5 18.Rxf5 f6 19.Nd6+ Bxd6 20.exd6 Qb6 21.Rh5 O-O-O 22.Rxh7 Rxh7
23.Bxh7 f5 24.c3 bxc3 25.bxc3 Nf6 26.Be3 Qb2 27.Rg1 Nxh7 28.Qg7 f4 29.Bxf4 Qc2
30.Bh6 Qe4 31.c4 e5 32.h3 Nf8 33.Qg3 Ne6 34.Rf1 Qh7 35.Qe3 Qg6 36.Qd2 Rh8  0-1

[Event "Tch-AUT 2000-01"]
[Site "Graz AUT"]
[Date "2001.01.21"]
[Round "8"]
[White "Kotz,H"]
[Black "Gustafsson,J"]
[Result "1/2-1/2"]
[WhiteElo "2332"]
[BlackElo "2535"]

1.e4 c5 2.Nf3 Nc6 3.d4 cxd4 4.Nxd4 e6 5.Nc3 Qc7 6.g3 a6 7.Bg2 Nge7 8.Nb3 Ng6
9.f4 Be7 10.O-O O-O 11.Be3 b5 12.a3 Rb8 13.h4 f6 14.Kh1 Nh8 15.Qe1 Nf7 16.Rd1 Nd6
17.Bc1 Re8 18.Rf2 Nc4 19.Re2 Bf8 20.Nd2 Nxd2 21.Qxd2 a5 22.Qd3 Qb6 23.Be3 Qa6
24.Red2 Qb7 25.e5 fxe5 26.Ne4 d5 27.Ng5 e4 28.Qe2 h6 29.Qh5 hxg5 30.Qxe8 gxh4
31.gxh4 Bd7 32.Qh5 Be8 33.Qg4 Qf7 34.Bh3 Bd7 35.Rxd5 exd5 36.Qxd7 Qxd7 37.Bxd7 Ne7  1/2-1/2

[Event "Corus Reserve Gp"]
[Site "Wijk aan Zee NED"]
[Date "2001.01.21"]
[Round "5"]
[White "Doggers,P"]
[Black "Velcheva,M"]
[Result "0-1"]
[WhiteElo "2161"]
[BlackElo "2273"]

1.e4 c5 2.Nf3 e6 3.d4 cxd4 4.Nxd4 Nc6 5.Nc3 Qc7 6.Be2 Nf6 7.O-O Bb4 8.Ndb5 Qb8
9.f4 a6 10.e5 axb5 11.exf6 gxf6 12.Be3 f5 13.Nxb5 b6 14.a3 Be7 15.c4 O-O
16.Bd3 Kh8 17.Qh5 Bb7 18.Bxb6 Rg8 19.Rf2 Qf8 20.Rd1 Bc5 21.Bxc5 Qxc5 22.b4 Nxb4
23.Bf1 Nc2 24.Rxd7 Bxg2 25.Bxg2 Rxg2+ 26.Kxg2 Rg8+ 27.Kf1 Qxc4+ 28.Re2 Qxf4+
29.Rf2 Qc4+ 30.Re2 Ne3+ 31.Kf2 Qf4+ 32.Ke1 Rg1+ 33.Kd2 Rd1+  0-1

[Event "Open"]
[Site "Ubeda ESP"]
[Date "2001.01.22"]
[Round "2"]
[White "Dominguez,L"]
[Black "Sandipan,C"]
[Result "0-1"]
[WhiteElo "2565"]
[BlackElo "2431"]

1.e4 c5 2.Nf3 e6 3.d4 cxd4 4.Nxd4 Nc6 5.Nc3 Qc7 6.f4 a6 7.Nxc6 Qxc6 8.Bd3 b5
9.Qe2 Bb7 10.Bd2 Bc5 11.O-O-O Ne7 12.Qh5 g6 13.Qg5 h6 14.Qf6 Rf8 15.Qh4 b4
16.Ne2 h5 17.Kb1 d5 18.Ng3 O-O-O 19.c3 dxe4 20.Bxe4 Qb5 21.Bxb7+ Kxb7 22.cxb4 Qd3+
23.Ka1 Bxb4 24.a3 Bxa3 25.Bc3 Qc4 26.Rxd8 Rxd8 27.Qf6 Rd3 28.Ne2 Bd6 29.Nc1 Re3
30.Qxf7 Qc7 31.Kb1 Qc6 32.Bd2 Re4 33.Qf6 Qd5 34.Bc3 Rxf4 35.Qg7 Qf5+ 36.Ka2 Ra4+
37.Kb3 Qd5+ 38.Kc2 Qxg2+ 39.Kb3 Qd5+  0-1

[Event "ch-POL Boys U16"]
[Site "Zakopane POL"]
[Date "2001.01.22"]
[Round "7"]
[White "Miroslaw,M"]
[Black "Gajewski,G"]
[Result "1-0"]
[WhiteElo "2114"]
[BlackElo "2344"]

1.e4 c5 2.Nf3 e6 3.d4 cxd4 4.Nxd4 Nc6 5.Nc3 Qc7 6.g3 Nf6 7.Bg2 a6 8.O-O Be7
9.Re1 d6 10.Nxc6 bxc6 11.Be3 e5 12.h3 O-O 13.Qe2 a5 14.Red1 Ba6 15.Qe1 Rab8
16.Rab1 Rfd8 17.Kh2 Bb7 18.Na4 Bc8 19.c4 Be6 20.Rbc1 c5 21.b3 Bd7 22.Nc3 a4
23.Rb1 axb3 24.axb3 Rb7 25.Rb2 Rdb8 26.Rdb1 h6 27.Qd1 Bc6 28.Qc2 Nd7 29.Ra2 Bg5
30.Nd1 Nf8 31.f4 exf4 32.gxf4 Bf6 33.Ra6 Rb6 34.Rxb6 Qxb6 35.b4 Ne6 36.b5 Nd4
37.Bxd4 Bxd4 38.bxc6  1-0

[Event "Elbow Beach Club GMA"]
[Site "Paget Parish BER"]
[Date "2001.01.23"]
[Round "4"]
[White "Macieja,B"]
[Black "Vescovi,G"]
[Result "1/2-1/2"]
[WhiteElo "2578"]
[BlackElo "2519"]

1.e4 c5 2.Nf3 e6 3.d4 cxd4 4.Nxd4 Nc6 5.Nc3 Qc7 6.Be2 a6 7.O-O Nf6 8.Be3 Be7
9.f4 d6 10.Kh1 O-O 11.Qe1 Ne8 12.Qg3 b5 13.Nxc6 Qxc6 14.e5 Bb7 15.Qh3 b4
16.Bd3 f5 17.exf6 Nxf6 18.Ne2 e5 19.fxe5 dxe5 20.b3 Ne4 21.Ng3  1/2-1/2

[Event "17th Open"]
[Site "Geneva SUI"]
[Date "2001.01.24"]
[Round "5"]
[White "Kosteniuk,A"]
[Black "Landenbergue,C"]
[Result "0-1"]
[WhiteElo "2402"]
[BlackElo "2404"]

1.e4 c5 2.Nf3 e6 3.d4 cxd4 4.Nxd4 Nc6 5.Nc3 Qc7 6.Be2 a6 7.O-O Nf6 8.Be3 Bb4
9.Na4 O-O 10.c4 Be7 11.Nc3 d6 12.Rc1 Nxd4 13.Bxd4 b6 14.f3 Bb7 15.Qe1 Nd7
16.Qg3 Bf6 17.Rfd1 Rfd8 18.Be3 Be5 19.Qf2 Rac8 20.g4 Ba8 21.Bd3 Qb8 22.Qe2 Bc6
23.b4 h6 24.f4 Bxc3 25.Rxc3 b5 26.Bf2 bxc4 27.Bxc4 Bb5 28.Rdc1 Rxc4 29.Rxc4 d5  0-1

[Event "Open"]
[Site "Ubeda ESP"]
[Date "2001.01.24"]
[Round "4"]
[White "Sandipan,C"]
[Black "Fominyh,A"]
[Result "0-1"]
[WhiteElo "2431"]
[BlackElo "2582"]

1.e4 c5 2.Nf3 Nc6 3.d4 cxd4 4.Nxd4 e6 5.Nc3 Qc7 6.Be2 a6 7.O-O Nf6 8.Be3 Bb4
9.Na4 Bd6 10.Nb6 Rb8 11.g3 Ne5 12.f4 Qxb6 13.fxe5 Bxe5 14.Nf5 Qc7 15.Nxg7+ Ke7
16.Nh5 Rg8 17.Nxf6 Bxf6 18.Rxf6 Kxf6 19.Qd4+ Ke7 20.Rf1 Rxg3+ 21.Kh1 Rxe3
22.Bh5 Qa5 23.Qf6+ Kd6 24.Qf4+ Kc6 25.Qxb8 Qxh5 26.Qxc8+ Kb6 27.Qxd7 Qe5
28.Qxf7 Qxe4+ 29.Kg1 Re2 30.Rf2 Re1+ 31.Rf1 Rxf1+ 32.Kxf1 Qh1+ 33.Ke2 Qxh2+
34.Kd3 Qd6+ 35.Ke2 Qe5+ 36.Kd2 Qa5+ 37.Kd1 Qxa2 38.Qf2+ Kc6 39.b3 Qa1+ 40.Kd2 Qe5
41.Qh4 h5 42.Qa4+ Qb5 43.Qh4 Qf5 44.Qe7 Qf4+ 45.Ke2 Qe5+ 46.Kf1 Qf4+ 47.Ke2 Qe4+
48.Kd2 h4 49.Qe8+ Kb6 50.Qh8 Qf4+ 51.Ke2 Qg4+ 52.Kd2 h3 53.Qe5 Kc6 54.c4 Qf5
55.Qh8 Qf2+ 56.Kc3 h2 57.b4 Qf3+ 58.Kd4 e5+ 59.Qxe5 Qd1+  0-1

[Event "Elbow Beach Club GMA"]
[Site "Paget Parish BER"]
[Date "2001.01.25"]
[Round "6"]
[White "Gershon,A"]
[Black "Vescovi,G"]
[Result "0-1"]
[WhiteElo "2540"]
[BlackElo "2519"]

1.e4 c5 2.Nf3 e6 3.d4 cxd4 4.Nxd4 Nc6 5.Nc3 Qc7 6.Be3 a6 7.Bd3 Nf6 8.Nb3 Be7
9.f4 d6 10.Qf3 b5 11.O-O O-O 12.Rae1 b4 13.Nd1 e5 14.f5 Bb7 15.Bg5 Rfe8 16.Ne3 Nd4
17.Qh3 Nxb3 18.axb3 Nxe4 19.Bxe7 Qxe7 20.Bxe4 Bxe4 21.Qg4 d5 22.f6 Qf8 23.Rf5 Re6
24.Ref1 Bxf5 25.Rxf5 Rd8 26.Qh4 Qc5 27.Qg5 g6 28.Rf2 d4 29.Nf5 d3 30.Qh6 Qf8
31.Ne7+ Kh8 32.Qd2 e4 33.Qe3 d2 34.Rxd2 Rxd2 35.Qxd2 Rxf6 36.Qxb4 e3 37.Qe4 e2
38.Qxe2 Re6 39.Nxg6+  0-1

[Event "Open"]
[Site "Ubeda ESP"]
[Date "2001.01.25"]
[Round "5"]
[White "Korneev,O"]
[Black "Sandipan,C"]
[Result "0-1"]
[WhiteElo "2600"]
[BlackElo "2431"]

1.e4 c5 2.Nf3 e6 3.d4 cxd4 4.Nxd4 Nc6 5.Nc3 Qc7 6.Be3 a6 7.Bd3 Nf6 8.O-O Ne5
9.h3 Bc5 10.f4 d6 11.Kh1 Ng6 12.Qf3 O-O 13.Rae1 Bd7 14.Nde2 Bxe3 15.Qxe3 Bc6
16.Ng3 Rae8 17.Nce2 b5 18.b3 Qd8 19.c4 bxc4 20.bxc4 e5 21.f5 Ne7 22.Kh2 Qa5
23.Nh1 Rd8 24.Nf2 Nd7 25.Ng3 Qc5 26.Qf3 f6 27.Rb1 Kh8 28.Ng4 Rb8 29.Nh5 Rxb1
30.Rxb1 Qd4 31.Rd1 Nc5 32.Nf2 Qb2 33.Kg1 Qxa2 34.Qg4 Rf7 35.Rb1 Nxd3 36.Rb8+ Ng8
37.Nxd3 Qxc4 38.Rf8 Qd4+ 39.Kh2 Qa7 40.Rxf7 Qxf7 41.Ng3 a5 42.Qd1 d5 43.Nc5 dxe4
44.Ngxe4 Qd5 45.Qb1 a4 46.Qb8 g6 47.Qc8 gxf5 48.Qxf5 a3 49.Qg4 a2 50.Ne6 Qd7
51.N4c5 Qa7 52.Na6 Bd5 53.Nac7 Bxe6 54.Nxe6 a1=Q  0-1

[Event "Corus Reserve Gp"]
[Site "Wijk aan Zee NED"]
[Date "2001.01.25"]
[Round "8"]
[White "Yu Shaoteng"]
[Black "Krnic,Z"]
[Result "1-0"]
[WhiteElo "2493"]
[BlackElo "2390"]

1.e4 c5 2.Nf3 Nc6 3.d4 cxd4 4.Nxd4 e6 5.Nc3 a6 6.Be2 Nge7 7.f4 Nxd4 8.Qxd4 Qc7
9.Qf2 b5 10.Bd3 Bb7 11.O-O f5 12.exf5 Nxf5 13.Bxf5 exf5 14.Re1+ Kf7 15.Be3 b4
16.Na4 Re8 17.Bd4 Re4 18.Rxe4 Bxe4 19.c3 Bd6 20.Rf1 Re8 21.Qg3 Bf8 22.Nc5 Bxc5
23.Qxg7+ Ke6 24.Qf6+ Kd5 25.c4+ Kxc4 26.Rc1+ Bc2 27.Rxc2+ Kd3 28.Qxf5+ Kxd4
29.Kf1 b3 30.axb3 Qa5 31.Qxd7+  1-0

[Event "Corus Reserve Gp"]
[Site "Wijk aan Zee NED"]
[Date "2001.01.26"]
[Round "9"]
[White "Stellwagen,D"]
[Black "Wirschell,T"]
[Result "1-0"]
[WhiteElo "2276"]
[BlackElo "2318"]

1.e4 c5 2.Nf3 e6 3.d4 cxd4 4.Nxd4 Nc6 5.Nc3 d6 6.Be3 Nf6 7.f4 Be7 8.Qf3 e5
9.Nf5 Bxf5 10.exf5 O-O 11.O-O-O Qa5 12.Bc4 Rac8 13.Bb3 Rfe8 14.g4 Nb4 15.g5 e4
16.Qg2 Rxc3 17.bxc3 Nbd5 18.gxf6 Qa3+ 19.Kd2 Nxf6 20.Rhg1 Bf8 21.Bd4 e3+
22.Ke1 e2 23.Bxf6  1-0

[Event "Bundesliga 2000-1"]
[Site "Bad Godesberg GER"]
[Date "2001.01.27"]
[Round "6"]
[White "Hracek,Z"]
[Black "Lutz,C"]
[Result "1/2-1/2"]
[WhiteElo "2612"]
[BlackElo "2595"]

1.e4 c5 2.Nf3 e6 3.d4 cxd4 4.Nxd4 Nc6 5.Nc3 Qc7 6.Be3 a6 7.Bd3 b5 8.Nxc6 Qxc6
9.O-O Bb7 10.a3 Nf6 11.Qe2 Be7 12.f4 O-O 13.e5 Nd5 14.Nxd5 Qxd5 15.Rfd1 Qc6
16.c4 bxc4 17.Bxc4 Bc5 18.Bxc5 Qxc5+ 19.Kh1 Rfc8 20.Rac1 a5 21.Rc3 Qe7 22.Qd2 Bc6
23.Rdc1 Rcb8 24.Bd3  1/2-1/2

[Event "Bundesliga 2000-1"]
[Site "Bad Godesberg GER"]
[Date "2001.01.27"]
[Round "6"]
[White "Van den Doel,E"]
[Black "Heissler,J"]
[Result "1-0"]
[WhiteElo "2547"]
[BlackElo "2447"]

1.e4 c5 2.Nf3 e6 3.d4 cxd4 4.Nxd4 Nc6 5.Nc3 Qc7 6.Be2 a6 7.O-O Nf6 8.Kh1 Bb4
9.Bg5 Bxc3 10.Bxf6 gxf6 11.bxc3 Ne7 12.Qd2 d5 13.exd5 Nxd5 14.c4 Nf4 15.Bf3 O-O
16.Ne2 Ng6 17.Ng3 Qf4 18.Qxf4 Nxf4 19.Ne4 f5 20.Nd6 e5 21.g3 e4 22.Bxe4 fxe4
23.gxf4 Rd8 24.Rad1 Kf8 25.f5 Rxd6 26.Rxd6 Bxf5 27.Rfd1 Ke8 28.R1d5 Bg4 29.Re5+ Kf8
30.Kg2 Bf3+ 31.Kg3 Rc8 32.c5 Rc7 33.Kf4 Kg7 34.Rg5+ Kf8 35.Rh6 Bd1 36.Rxh7 Bxc2
37.h4 Bb1 38.a3 Rc6 39.Rh8+ Ke7 40.Rb8 Rf6+ 41.Ke5 Re6+ 42.Kd4  1-0

[Event "4NCL"]
[Site "Birmingham ENG"]
[Date "2001.01.27"]
[Round "5"]
[White "Dineley,R"]
[Black "Emms,J"]
[Result "1/2-1/2"]
[WhiteElo "2273"]
[BlackElo "2527"]

1.e4 c5 2.Nf3 Nc6 3.d4 cxd4 4.Nxd4 e6 5.Nc3 Qc7 6.Be2 a6 7.O-O Nf6 8.Be3 Bb4
9.Na4 Be7 10.Nxc6 bxc6 11.Nb6 Rb8 12.Nxc8 Qxc8 13.Bd4 Nxe4 14.Bxg7 Rg8 15.Be5 d6
16.Bd3 Nf6 17.Bc3 Nd5 18.Bxh7 Nxc3 19.bxc3 Rh8 20.Bd3 d5 21.Qf3 Bd6 22.g3 Ke7
23.Rab1 Qc7 24.c4 a5 25.cxd5 cxd5 26.Rxb8 Rxb8 27.Qg4 Qc3 28.Qh4+ Qf6 29.Qxf6+ Kxf6
30.c4 Rb2 31.cxd5 Rxa2 32.dxe6 fxe6 33.Re1 e5 34.Re2  1/2-1/2

[Event "Bundesliga 2000-1"]
[Site "Castrop Rauxel GER"]
[Date "2001.01.27"]
[Round "6"]
[White "Kasimdzhanov,R"]
[Black "Van der Sterren,P"]
[Result "1-0"]
[WhiteElo "2690"]
[BlackElo "2569"]

1.e4 c5 2.Nf3 e6 3.d4 cxd4 4.Nxd4 Nc6 5.Nc3 d6 6.g4 h6 7.Be3 Nf6 8.h3 Be7
9.Qd2 a6 10.O-O-O Nxd4 11.Qxd4 Bd7 12.f4 Bc6 13.Rg1 Nd7 14.Bc4 Qa5 15.Bxe6 fxe6
16.Qxg7 Bf6 17.Qg6+ Ke7 18.e5 dxe5 19.Rxd7+ Kxd7 20.Rd1+ Ke7 21.g5 Rhf8 22.Qh7+ Rf7
23.gxf6+ Kxf6 24.Qxh6+ Ke7 25.f5  1-0

[Event "Elbow Beach Club GMA"]
[Site "Paget Parish BER"]
[Date "2001.01.27"]
[Round "8"]
[White "Shabalov,A"]
[Black "Macieja,B"]
[Result "1-0"]
[WhiteElo "2609"]
[BlackElo "2578"]

1.e4 c5 2.Nf3 e6 3.d4 cxd4 4.Nxd4 Nc6 5.Nc3 Qc7 6.Be2 a6 7.O-O Nf6 8.Be3 Bb4
9.Na4 Be7 10.Nxc6 bxc6 11.Nb6 Rb8 12.Nxc8 Qxc8 13.Bd4 c5 14.Be5 Rb6 15.b3 Nxe4
16.Bxg7 Rg8 17.Be5 Bd6 18.Bg3 Nxg3 19.fxg3 Ke7 20.Qd3 Qf8 21.Qxh7 Qg7 22.Qh5 f5
23.Qh4+ Qg5 24.Rad1 a5 25.Rf3 Qxh4 26.gxh4 Be5 27.h5 d5 28.Rh3 Kd6 29.Kf1 Rb7
30.Bf3 Ra7 31.Rh4 Bf6 32.Ra4 d4 33.a3 Rgg7 34.Rc4 Rac7 35.Be2 e5 36.Ra4 Ra7
37.Rd3 e4 38.Rh3 Ke5 39.h6 Rg8 40.Bc4 Rf8 41.Rh5 Be7 42.g4 Kf4 43.h7 Raa8
44.Rxa5 Rxa5 45.Rxf5+ Rxf5 46.h8=Q Rf6 47.g5 Rf8 48.Qh4+ Ke3+ 49.Kg2 Kd2
50.Qxe4 Ra7 51.h4 Bd6 52.Qe6 Rd8 53.g6 Kxc2 54.Qe2+ Kc3 55.Bd3 Kxb3 56.Qc2+ Kxa3
57.Bc4 Rb8 58.Qa2+ Kb4 59.Qxa7 Kxc4 60.Qxb8 Bxb8 61.g7  1-0

[Event "Bundesliga 2000-1"]
[Site "Bad Godesberg GER"]
[Date "2001.01.28"]
[Round "7"]
[White "Baklan,V"]
[Black "Andersson,U"]
[Result "1/2-1/2"]
[WhiteElo "2599"]
[BlackElo "2641"]

1.e4 c5 2.Nf3 e6 3.d4 cxd4 4.Nxd4 Nc6 5.Nc3 a6 6.Be3 Nf6 7.Bd3 d5 8.exd5 exd5
9.Qd2 Bb4 10.a3 Ba5 11.Nxc6 bxc6 12.Bc5 Be6 13.Qg5 h6 14.Qxg7 Rg8 15.Qxh6 Rxg2
16.Qf8+ Kd7 17.Qd6+ Ke8 18.Qxc6+ Nd7 19.Bb4 Bxb4 20.axb4 Rc8 21.Qd6 Qg5 22.h4 Qh5
23.Be2 Qf5 24.O-O-O Qxf2 25.Rd2 Rxc3 26.bxc3 Qe3 27.Qxa6 Ne5 28.Rd1 Kf8 29.Kb1 Kg7
30.h5 Qxc3 31.Qa1 Qxb4+ 32.Qb2 Qxb2+ 33.Kxb2 Rh2 34.Kc1 Kh6 35.Rg1 Rh4 36.Rdd1 Ra4
37.Kd2 Rd4+ 38.Ke1 Ra4 39.Rb1 Ra2 40.Bd1 Ra8 41.Kf2 Rc8 42.Ke3 Nc4+ 43.Kf4 Na3
44.Rb2 d4 45.Rg3 Nc4 46.Rb4 Ne3 47.Rxd4 Nxd1 48.Rxd1 Rxc2 49.Rd8 Rc8 50.Rxc8 Bxc8
51.Rg5 Be6 52.Ra5 Bc4 53.Ke5 Be2 54.Kf6 Bc4 55.Ra8 Kh7 56.Ra5 Be6 57.Rb5 Bc4
58.Rg5 Be6 59.Rg1 Kh6 60.Rg8 Kh7  1/2-1/2

[Event "It"]
[Site "Bajmok YUG"]
[Date "2001.01.29"]
[Round "4"]
[White "Milu,R"]
[Black "Rajkovic,Du"]
[Result "1/2-1/2"]
[WhiteElo "2432"]
[BlackElo "2491"]

1.e4 c5 2.Nf3 e6 3.d4 cxd4 4.Nxd4 Nc6 5.Nc3 a6 6.Nxc6 bxc6 7.Bd3 d5 8.O-O Nf6
9.Qe2 Be7 10.Bg5 O-O  1/2-1/2

[Event "Elbow Beach Club GMA"]
[Site "Paget Parish BER"]
[Date "2001.01.29"]
[Round "10"]
[White "Shabalov,A"]
[Black "Vescovi,G"]
[Result "0-1"]
[WhiteElo "2609"]
[BlackElo "2519"]

1.e4 c5 2.Nf3 e6 3.d4 cxd4 4.Nxd4 Nc6 5.Nc3 Nf6 6.Nxc6 bxc6 7.e5 Nd5 8.Ne4 Bb7
9.c4 Nb4 10.c5 Ba6 11.Bxa6 Nxa6 12.O-O Nxc5 13.Ng3 h5 14.Be3 h4 15.Nh5 Nd3
16.f4 Nb4 17.Qg4 Rxh5 18.Qxh5 Nc2 19.f5 Qc7 20.fxe6 dxe6 21.Rac1 Nxe3 22.Rxc6 Qe7
23.Rfc1 Nd5 24.a3 g6 25.Qg4 Rd8 26.Qa4 Qd7 27.Qxh4 Qb7 28.h3 Bg7 29.Rd6 Rc8
30.Qa4+ Kf8 31.Rf1 Ne3 32.Rf3 Rc1+ 33.Kf2 Qxb2+  0-1

[Event "TCh-FRA"]
[Site "Bischwiller FRA"]
[Date "2001.02.03"]
[Round "2"]
[White "Baklan,V"]
[Black "Szabolcsi,J"]
[Result "1-0"]
[WhiteElo "2613"]
[BlackElo "2410"]

1.e4 c5 2.Nf3 e6 3.d4 cxd4 4.Nxd4 Nc6 5.Nc3 Qc7 6.Be3 a6 7.Bd3 b5 8.f4 Nxd4
9.Bxd4 Qxf4 10.Rf1 Qxh2 11.Qf3 f6 12.e5 Rb8 13.O-O-O Bb7 14.Be4 Bxe4 15.Nxe4 Qh6+
16.Kb1 Be7 17.Ba7 Rc8 18.Qd3 Rc7 19.Bb6 Rb7 20.Bc5 Rc7 21.Bd6 Ra7 22.Qd4 Rb7
23.Bxe7 Kxe7 24.Qc5+ Kd8 25.Qf8+ Kc7 26.Rxd7+  1-0

[Event "TCh-FRA"]
[Site "Noyon FRA"]
[Date "2001.02.03"]
[Round "2"]
[White "Cappon,J"]
[Black "Conquest,S"]
[Result "0-1"]
[WhiteElo "2188"]
[BlackElo "2546"]

1.e4 c5 2.Nf3 e6 3.d4 cxd4 4.Nxd4 Nc6 5.Nc3 Qc7 6.Be3 Nf6 7.a3 a6 8.Be2 b5
9.O-O Bb7 10.f4 Bc5 11.b4 Ba7 12.Kh1 Nxd4 13.Bxd4 Nxe4 14.Nxe4 Bxe4 15.Bxa7 Qxa7
16.Qd6 Qb7 17.Bf3 Rc8 18.f5 Qc6 19.Qf4 Bxf3 20.Rxf3 f6 21.fxe6 dxe6 22.Qg4 O-O
23.c3 Qc4 24.Qh5 Qe2 25.Qh3 Rfd8 26.Rg1 Qc4 27.Re3 e5 28.Qf5 Rc6 29.Rf1 Rcd6
30.h3 g6 31.Qf3 Kg7 32.Kh2 h5 33.Rf2 Qc6 34.Qg3 Rd2 35.Ref3 R2d6 36.Re3 Qd5
37.Rf5 Kh7 38.Rf2 e4 39.Qf4 Re8 40.g4 h4 41.Kg2 Kg7 42.Rfe2 Rc6 43.Qf2 Qg5
44.Rd2 f5 45.Rd5 Rd8 46.Rxd8 Qxd8 47.Qf4 Qd2+ 48.Kf1 Qd1+ 49.Kf2 Qd6 50.Qg5 Qf6
51.Qf4 Rxc3 52.g5 Qd4  0-1